00497nam a2200169 a 450000100100000000500170001000800410002704000250006808200150009310000160010824500390012426000540016330000210021749000120023850000650025083000120031500003535720200930074301.0111027s1953 mx 000 0 spa d aDO-SdBNPbspacBNPHU axxxxbxxxx1 aRulfo, Juan13aEl llanto en llamas /cJuan Rulfo. aMéxico, :bFondo de cultura económica,c1953. a150 p. ;c17 cm.1 aPopular aLa biblioteca posee la decima tercera reimpresión del 1976 0aPopular